[Event "ISR-ch"]
[Site "Tel Aviv"]
[Date "1994.??.??"]
[Round "6"]
[White "Khenkin, Igor"]
[Black "Huzman, Alexander"]
[Result "1/2-1/2"]
[WhiteElo "2580"]
[BlackElo "2575"]

1.d4 Nf6 2.c4 c6 3.Nc3 d5 4.Nf3 dxc4 5.a4 Bf5 6.e3 e6 7.Bxc4 Bb4 8.O-O Nbd7
9.Qe2 Bg6 10.e4 O-O 11.Bd3 Be7 12.h3 c5 13.d5 exd5 14.e5 Bxd3 15.Qxd3 Ne8
16.Qxd5 Nc7 17.Qxb7 Rb8 18.Qe4 Rb4 19.Qc2 Qc8 20.Rd1 Re8 21.Ne4 Ne6 22.Bd2 Rb7
23.Bc3 Nd4 24.Bxd4 cxd4 25.Qxc8 Rxc8 26.Rxd4 Rcc7 27.Rb1 Rb3 28.Nd6 a6 29.Nd2 Rb8
30.f4 f6 31.exf6 Nxf6 32.b4 Rd8 33.Nf5 Rxd4 34.Nxd4 Nd5 35.b5 axb5 36.axb5 Bc5
37.Nb3 Bb6 38.Kh2 Nxf4 39.Rf1 Nd5 40.Ne6 Rc8 41.Nbd4 Ne3 42.Rf3 Re8 43.Kg3 Nd5
44.Rf5 Ne3 45.Rf3 Nd5 46.Rf5 Ne3 47.Rf2 g6 48.Re2 Nd5 49.Rc2 Ra8 50.Kf3 Kf7
51.Ng5+ Kf6 52.Nxh7+ Ke5 53.Nc6+ Kd6 54.Kg3 Ra3+ 55.Kh2 Ne3 56.Rc1 Ra2 57.Rg1 Rb2
58.Nf8 Rxb5 59.Nb8 Rf5 60.Nbd7 Bd4 61.Re1 Rf2 62.Kg3 Nf5+ 63.Kh2 Ne3 64.Kg3 Rxg2+
65.Kf3 Rh2 66.Rg1 Rxh3+ 67.Ke4 Rh4+ 68.Kd3 Nd5 69.Rxg6+ Kc7 70.Kc4 Ne7 71.Ra6 Bg7+
72.Kd3 Nc6 73.Ke2 Re4+ 74.Kf3 Re8 75.Ra4 Bxf8 76.Nxf8 Rxf8+ 77.Ke4 Kd6  1/2-1/2

[Event "Tel Aviv ASA"]
[Site "Tel Aviv"]
[Date "1994.??.??"]
[Round "7"]
[White "Bezold, Michael"]
[Black "Soffer, Ram"]
[Result "1/2-1/2"]
[WhiteElo "2515"]
[BlackElo "2520"]

1.d4 Nf6 2.Nf3 d5 3.c4 c6 4.Nc3 dxc4 5.a4 Bf5 6.Ne5 e6 7.f3 Bb4 8.Bg5 c5
9.dxc5 Qa5 10.Nxc4 Bxc3+ 11.bxc3 Qxc3+ 12.Nd2 Bc2 13.Rc1 Bxd1 14.Rxc3 Bxa4
15.Nc4 Nbd7 16.e4  1/2-1/2

[Event "Tilburg blitz"]
[Site "Tilburg"]
[Date "1994.??.??"]
[Round "1"]
[White "Razuvaev, Yuri S"]
[Black "Chernin, Alexander"]
[Result "1/2-1/2"]
[WhiteElo "2550"]
[BlackElo "2615"]

1.d4 d5 2.c4 c6 3.Nf3 Nf6 4.Nc3 dxc4 5.a4 Bf5 6.e3 e6 7.Bxc4 Bb4 8.O-O Nbd7
9.Qe2 Bg6 10.e4 O-O 11.Bd3 Bh5 12.e5 Nd5 13.Nxd5 cxd5 14.Qe3 Be7 15.Ng5 Bxg5
16.Qxg5 Bg6 17.Bxg6 fxg6 18.Qg4 Rf5 19.b3 Nb8 20.Ba3 Nc6 21.Bc5 b6 22.Bd6 Qg5
23.Qxg5 Rxg5 24.f4 Rf5 25.g4 Rf7 26.Rad1 Na5 27.Rd3 Rc8 28.Kg2 Rc2+ 29.Kg3 h6
30.Rff3 Nc6 31.h3 Kh7 32.Rf1 Kg8 33.Rff3 Kh7 34.Rf1 Kg8  1/2-1/2

[Event "Tilburg blitz"]
[Site "Tilburg"]
[Date "1994.??.??"]
[Round "1"]
[White "Razuvaev, Yuri S"]
[Black "Chernin, Alexander"]
[Result "1/2-1/2"]
[WhiteElo "2550"]
[BlackElo "2615"]

1.d4 d5 2.c4 c6 3.Nf3 Nf6 4.Nc3 dxc4 5.a4 Bf5 6.e3 e6 7.Bxc4 Bb4 8.O-O Nbd7
9.Qe2 Bg6 10.e4 O-O 11.Bd3 h6 12.Bf4 Qa5 13.Nd2 Nh5 14.Be3 Rfe8 15.Nc4 Qd8
16.e5 Bxd3 17.Qxd3 Qh4 18.g3 Qh3 19.Ne4 f5 20.exf6 Ndxf6 21.Ne5 Nxe4 22.Qxe4 Nf6
23.Qc2 Bd6 24.f3 Nd5 25.Rae1 Qf5 26.Qb3 Bxe5 27.dxe5 b6 28.Bd2  1/2-1/2

[Event "Tilburg rapid20"]
[Site "Tilburg"]
[Date "1994.??.??"]
[Round "1"]
[White "Razuvaev, Yuri S"]
[Black "Chernin, Alexander"]
[Result "1/2-1/2"]
[WhiteElo "2550"]
[BlackElo "2615"]

1.d4 d5 2.c4 c6 3.Nf3 Nf6 4.Nc3 dxc4 5.a4 Bf5 6.e3 e6 7.Bxc4 Bb4 8.O-O Nbd7
9.Qe2 Bg4 10.Rd1 O-O 11.e4 Rc8 12.Bf4 Qa5 13.e5 Nd5 14.Nxd5 cxd5 15.Bd3 Qd8
16.h3 Bh5 17.g4 Bg6 18.Kg2 Be7 19.h4 Nb8 20.h5 Bxd3 21.Qxd3 Nc6 22.Rac1 Nb4
23.Qe2 Qd7 24.b3 Rxc1 25.Rxc1 Rc8 26.h6 Rxc1 27.Bxc1 g6 28.Bg5 Bf8 29.Bd2 Nc6
30.Qd3 Qc7 31.Qb5 a6 32.Qd3 Qb6 33.Kg3 Qd8 34.Kg2  1/2-1/2

[Event "Timisoara (Women)"]
[Site "Timisoara"]
[Date "1994.??.??"]
[Round "2"]
[White "Grabuzova, Tatiana"]
[Black "Mihai, Narcisa"]
[Result "1/2-1/2"]
[WhiteElo "2380"]
[BlackElo "2010"]

1.d4 d5 2.c4 c6 3.Nf3 Nf6 4.Nc3 dxc4 5.a4 Bf5 6.e3 e6 7.Bxc4 Bb4 8.O-O Nbd7
9.Qe2 Bg4 10.Rd1 Qc7 11.e4 e5 12.d5 Bxc3 13.bxc3 cxd5 14.Bxd5 Nxd5 15.Rxd5 O-O
16.Ba3 Rfc8 17.Rc1 Be6 18.Rd2 Nc5 19.Bxc5 Qxc5 20.Qe3 b6 21.Qxc5 Rxc5 22.Rb2 Bc4
23.Rb4 f6 24.Nd2 Be6 25.c4 Rd8 26.Rc2 Rxc4 27.Rbxc4 Bxc4 28.Rxc4 Rxd2 29.Rc8+ Kf7
30.Rc7+ Ke8 31.f4 Rd7 32.Rc8+ Ke7 33.fxe5 fxe5 34.Kf2 Kd6 35.Ke3 Rc7 36.Rh8 h6
37.Kd3 Ke7 38.Rb8 Kf6 39.a5 bxa5 40.Rb5 a4 41.Ra5 Rd7+ 42.Ke3 Rb7 43.Rxa4  1/2-1/2

[Event "Timisoara (Women)"]
[Site "Timisoara"]
[Date "1994.??.??"]
[Round "4"]
[White "Grabuzova, Tatiana"]
[Black "Nutu Gajic, Dana"]
[Result "1-0"]
[WhiteElo "2380"]
[BlackElo "2345"]

1.d4 d5 2.c4 dxc4 3.Nf3 Nf6 4.Nc3 c6 5.a4 Bf5 6.e3 e6 7.Bxc4 Bb4 8.O-O O-O
9.Qe2 Nbd7 10.Ne5 Nb6 11.Bb3 a5 12.Rd1 Ne4 13.Na2 Be7 14.f3 Nf6 15.e4 Bg6
16.Be3 Nfd7 17.Nc3 Nxe5 18.dxe5 Qc7 19.f4 Nd7 20.Qf2 Bh5 21.Rd2 b6 22.h3 Nc5
23.Bc2 f5 24.exf6 gxf6 25.Qh4 Be8 26.f5 exf5 27.Bf4 Qb7 28.exf5 Kh8 29.Re1 Bf7
30.Rde2 Bd8 31.Bd6 Rg8 32.Re7 Bxe7 33.Rxe7 Nd7 34.Rxf7 Rg7 35.Rxg7 Kxg7 36.Qg4+ Kh8
37.Ne4 c5 38.Be7 Qc6 39.Nd6 Qd5  1-0

[Event "Four Nations Team U20"]
[Site "Tjele"]
[Date "1994.??.??"]
[Round "1"]
[White "Bekker Jensen, David"]
[Black "Trolle, Gustav"]
[Result "0-1"]
[WhiteElo "1980"]
[BlackElo "2105"]

1.d4 d5 2.c4 c6 3.Nc3 Nf6 4.Nf3 dxc4 5.a4 Bf5 6.Ne5 e6 7.f3 Bb4 8.e4 Bxe4
9.fxe4 Nxe4 10.Bd2 Qxd4 11.Nxe4 Qxe4+ 12.Qe2 Bxd2+ 13.Kxd2 Qd5+ 14.Kc2 O-O
15.Nxc4 Na6 16.Rd1 Qf5+ 17.Kb3 Rad8 18.Rxd8 Rxd8 19.Qe3 Nc5+ 20.Kb4 b6 21.a5 Qc2
22.b3 Na6+ 23.Ka3 Rd1 24.Qe5 b5 25.Qb2 Qf5 26.Nd2 Qf4 27.Nf3 Qb4+ 28.Ka2 Qxa5+
29.Qa3 Ra1+  0-1

[Event "USA-ch (Women)"]
[Site "?"]
[Date "1994.??.??"]
[Round "1"]
[White "Belakovskaia, Anjelina"]
[Black "Finegold, Gina L"]
[Result "1-0"]
[WhiteElo "2315"]
[BlackElo "2115"]

1.d4 d5 2.Nf3 Nf6 3.c4 c6 4.Nc3 dxc4 5.a4 Bf5 6.e3 e6 7.Bxc4 Bb4 8.O-O Nbd7
9.Qb3 a5 10.Na2 Be7 11.Ne5 Qb6 12.Nxd7 Nxd7 13.Nc3 Qxb3 14.Bxb3 Nf6 15.f3 Bg6
16.e4 O-O 17.Be3 Rfb8 18.Bf4 Rd8 19.Rfd1 Rd7 20.Rac1 Bd8 21.Be3 Bb6 22.Kf2 Rad8
23.Ne2 Kf8 24.Bc2 Ne8 25.Rb1 Ba7 26.Rdc1 Nd6 27.Bd1 f6 28.b4 axb4 29.Rxb4 Nf7
30.Bb3 Ke7 31.a5 e5 32.d5 Bxe3+ 33.Kxe3 cxd5 34.Bxd5 Nd6 35.Rc5 Bf7 36.Nc3 Bxd5
37.Nxd5+ Kf7 38.Nb6 Re7 39.Rb3 g6 40.Rbc3 f5 41.Rd3 Ke8 42.Nd5 Rf7 43.Nc7+ Kd7
44.Nb5 Ke6 45.Rdd5 f4+ 46.Kd3 Rdd7 47.Rxe5+ Kf6 48.Nd4 Rf8 49.Red5 Ke7 50.Ne2 Ne8
51.Nc3 Rxd5+ 52.Nxd5+ Kd7 53.Nb6+ Ke7 54.Rc8  1-0

[Event "Val Thorens Principal"]
[Site "Val Thorens"]
[Date "1994.??.??"]
[Round "2"]
[White "Verbaere, Philippe"]
[Black "Lauferon, Patrick"]
[Result "0-1"]
[WhiteElo "1980"]
[BlackElo "2215"]

1.d4 d5 2.c4 c6 3.Nf3 Nf6 4.Nc3 dxc4 5.a4 Bf5 6.e3 e6 7.Bxc4 Bb4 8.O-O O-O
9.h3 Nbd7 10.Qb3 Qb6 11.Na2 Bd6 12.Bd2 Ne4 13.Bb4 c5 14.dxc5 Ndxc5 15.Bxc5 Qxb3
16.Bxb3 Nxc5 17.Nc1 Rfd8 18.Bc4 Rac8 19.Nd4 Bg6 20.Be2 a6 21.f4 Be7 22.Bf3 Bf6
23.Nce2 Rc7 24.Rfc1 Rdd7 25.Kh2 Nd3 26.Rxc7 Rxc7 27.g4 e5 28.f5 exd4 29.Nxd4 Bxd4
30.exd4 Bxf5 31.gxf5 Rc2+ 32.Kg3 Rxb2 33.Rd1 Rb3 34.d5 Ne5 35.d6  0-1

[Event "Vienna op"]
[Site "Vienna"]
[Date "1994.??.??"]
[Round "6"]
[White "Lazarev, Vladimir"]
[Black "Kolesar, Milan"]
[Result "1-0"]
[WhiteElo "2435"]
[BlackElo "2270"]

1.d4 d5 2.c4 c6 3.Nf3 Nf6 4.Nc3 dxc4 5.a4 Bf5 6.Ne5 Na6 7.e3 Nb4 8.Bxc4 e6
9.O-O Be7 10.Qe2 h6 11.e4 Bh7 12.Rd1 O-O 13.Bf4 a5 14.Bb3 Re8 15.Nc4 Bf8
16.f3 Ra6 17.g4 Qa8 18.g5 Nh5 19.Be3 hxg5 20.Bxg5 Qb8 21.Kh1 c5 22.dxc5 Bxc5
23.Rd7 Nc6 24.Rad1 Bg6 25.Nb5 Rf8 26.Qg2 e5 27.Ncd6 Nd4 28.Rxb7 Bxd6 29.Rxb8 Rxb8
30.Bc4 Rc6 31.b3 Bc5 32.Bd5 Rcb6 33.Bd2 Nxb5 34.axb5 Rxb5 35.Qxg6  1-0

[Event "LTU-ch  Vilnius"]
[Site "Vilnius"]
[Date "1994.??.??"]
[Round "5"]
[White "Piesina, Gintautas"]
[Black "Zapolskis, Antanas"]
[Result "1-0"]
[WhiteElo "2375"]
[BlackElo "2385"]

1.d4 d5 2.c4 c6 3.Nf3 Nf6 4.Nc3 dxc4 5.a4 Bf5 6.e3 e6 7.Bxc4 Bb4 8.O-O O-O
9.Qe2 Nbd7 10.e4 Bg6 11.Bd3 Bh5 12.e5 Nd5 13.Nxd5 cxd5 14.Qe3 h6 15.Ne1 Bg6
16.Bxg6 fxg6 17.Nd3 Be7 18.Qh3 Rf5 19.a5 Rc8 20.Be3 Nf8 21.Bd2 Rc4 22.Qe3 g5
23.b3 Rc6 24.Rfc1 Qe8 25.Rxc6 Qxc6 26.Rc1 Qd7 27.Ne1 Ng6 28.g3 g4 29.Qc3 Rf8
30.Qd3 Nh8 31.Qe2 h5 32.h3 Ba3 33.Rc2 gxh3 34.Qxh5 Qb5 35.Qxh3 Qxb3 36.Qxe6+ Nf7
37.Kg2 Bb4 38.Bxb4 Qxb4 39.Nf3 Qxa5 40.Ng5 Qb6 41.Qxb6 axb6 42.Nxf7 Rxf7
43.Rc8+ Kh7 44.Rd8 Kg6 45.f4 Rc7 46.Kf3 Rc6 47.Rxd5 Kf5 48.g4+ Ke6 49.Ke4 Ke7
50.f5 Rh6 51.e6  1-0

[Event "Werfen op"]
[Site "Werfen"]
[Date "1994.??.??"]
[Round "?"]
[White "Ragozin, Evgeni"]
[Black "Schwarzmeier, Klaus"]
[Result "1/2-1/2"]
[WhiteElo "2510"]
[BlackElo "2130"]

1.c4 Nf6 2.Nc3 c6 3.d4 d5 4.Nf3 dxc4 5.a4 Bf5 6.Ne5 Nbd7 7.Nxc4 Qc7 8.g3 e5
9.dxe5 Nxe5 10.Bf4 Nfd7 11.Bg2 Be6 12.Nxe5 Nxe5 13.Qd4 f6 14.O-O Be7 15.Rfc1 O-O
16.Nd5 Bxd5 17.Qxd5+ Kh8 18.a5 Rad8 19.Qc4 a6 20.Be3 Rde8 21.Bh3 Bd6 22.Rd1 Qb8
23.Qd4 Bc7 24.f4 Nc4 25.Qxc4 Rxe3 26.Rd7 Ree8 27.b4 Rd8 28.Kg2 Rxd7 29.Bxd7 Bd6
30.Rd1 Qc7 31.Qd4 Be7 32.Qe4 Bd6 33.Bh3 Rd8 34.Rd3 Qe7 35.Re3 Qxe4+ 36.Rxe4 Kg8
37.Kf3 Kf8 38.Rc4 Kf7 39.Bf5 g6 40.Bd3 Be7 41.Ke3 f5 42.Kd2 Bf6 43.Kc2 Rd4
44.Kb3 Rxc4 45.Kxc4 Be7 46.h3 h5 47.h4 Kf6 48.e4 Bd8 49.exf5 gxf5 50.Be2 b6
51.axb6 Bxb6 52.Bxh5 a5  1/2-1/2

[Event "Hoogovens-B"]
[Site "Wijk aan Zee"]
[Date "1994.??.??"]
[Round "2"]
[White "Pliester, Leon"]
[Black "Schwartzman, Gabriel"]
[Result "1-0"]
[WhiteElo "2395"]
[BlackElo "2500"]

1.d4 d5 2.c4 c6 3.Nf3 Nf6 4.Nc3 dxc4 5.a4 Bf5 6.Ne5 e6 7.f3 Bb4 8.Bg5 h6
9.Bh4 c5 10.dxc5 Qxd1+ 11.Kxd1 Nbd7 12.Nxd7 O-O-O 13.e4 Rxd7+ 14.Kc2 Bh7
15.Bxc4 Bxc5 16.Bb5 Rdd8 17.Kb3 a6 18.Be2 Be3 19.Rhd1 g5 20.Bg3 Nd7 21.Ka3 Nb8
22.Be5 Rhg8 23.Bf6 Rxd1 24.Rxd1 Nc6 25.b4 Rg6 26.Bh8 Rg8 27.Bf6 Rg6 28.Bh8 f6
29.Bc4 Bg8 30.b5 Ne5 31.Ba2 a5 32.Kb2 b6 33.Ne2 Bf7 34.Nd4 Bxd4+ 35.Rxd4 Nd7
36.Rd6 Nc5 37.Ka3 Kb7 38.e5 f5 39.Bf6 g4 40.f4 Rg8 41.Bd8 Ne4 42.Rd7+ Kc8
43.Rxf7 Rxd8 44.Bxe6+ Kb8 45.Bxf5 g3 46.Bxe4 gxh2 47.g4 Rd3+ 48.Kb2 Rd4 49.Bb7 Rxa4
50.e6 Rb4+ 51.Kc3 Rxb5 52.e7 Rc5+ 53.Kd2 Rc8 54.Bh1  1-0

[Event "CAN-op"]
[Site "Winnipeg"]
[Date "1994.??.??"]
[Round "10"]
[White "Tukmakov, Vladimir B"]
[Black "Petursson, Margeir"]
[Result "1/2-1/2"]
[WhiteElo "2570"]
[BlackElo "2550"]

1.d4 d5 2.c4 c6 3.Nf3 Nf6 4.Nc3 dxc4 5.a4 Bf5 6.e3 e6 7.Bxc4 Bb4 8.O-O O-O
9.Qe2 Ne4 10.Bd3 Bxc3 11.bxc3 Nxc3 12.Qc2 Bxd3 13.Qxd3 Nd5 14.Rb1 b6 15.Ba3 Re8
16.Rfc1 a5 17.Ne5 Qc7 18.e4 Nb4 19.Bxb4 axb4 20.Rxb4 c5 21.Qb1 Nc6 22.Nxc6 cxb4
23.Qxb4 Qf4 24.Re1 h5 25.g3 Qf3 26.Ne5 Qf6 27.Re3 Qe7 28.Qb5 Qa7 29.Kg2 Qxa4
30.Qxb6 Qd1 31.Rf3 Ra1 32.Qb5 Rf8 33.Rf4 Qh1+ 34.Kh3 Rg1 35.Nf3 Qg2+ 36.Kh4 Rh1
37.Qxh5 f6 38.Kg4 Qxf2 39.d5 e5 40.Nxe5 Qe2+ 41.Nf3 Rf1 42.Qg6 Rf7 43.d6 Qd1
44.Rf5 Qe2 45.Rf4 Qd1 46.Rf5 Rf8 47.h4 Qxd6 48.h5 Rh1 49.Rd5 Qe7 50.Qf5 Re8
51.Rd4 Rc1 52.Qd5+ Qf7  1/2-1/2

[Event "ARM-ch"]
[Site "Yerevan"]
[Date "1994.??.??"]
[Round "?"]
[White "Mirumian, Vigen"]
[Black "Minasian, Artashes"]
[Result "1/2-1/2"]
[WhiteElo "2290"]
[BlackElo "2270"]

1.d4 d5 2.c4 c6 3.Nc3 Nf6 4.Nf3 dxc4 5.a4 Bf5 6.Ne5 e6 7.f3 Bb4 8.e4 Bxe4
9.fxe4 Nxe4 10.Qf3 Qxd4 11.Qxf7+ Kd8 12.Bg5+ Nxg5 13.Qxg7  1/2-1/2

[Event "Alma Ata"]
[Site "Alma Ata"]
[Date "1995.??.??"]
[Round "11"]
[White "Irzhanov, Ruslan"]
[Black "Kakageldyev, Amanmurad"]
[Result "1-0"]
[WhiteElo "2440"]
[BlackElo "2450"]

1.d4 d5 2.c4 c6 3.Nf3 Nf6 4.Nc3 dxc4 5.a4 Bf5 6.e3 e6 7.Bxc4 Bb4 8.O-O Nbd7
9.Qe2 Bg4 10.Rd1 O-O 11.h3 Bh5 12.e4 Qc7 13.Bd2 a5 14.Rac1 Nb6 15.Bb3 Bg6
16.Bc2 Rad8 17.Bg5 Be7 18.Bb3 Rfe8 19.Qe3 Nc8 20.Ne5 Qb6 21.Ba2 Nd7 22.Bxe7 Rxe7
23.Nc4 Qb4 24.Qg5 b6 25.Qf4 Nf6 26.Ne5 Nh5 27.Qe3 Rc7 28.Nb5 cxb5 29.Rxc7 Qxb2
30.Bb1 Nd6 31.Rc2 Qb4 32.Nc6 Nc4 33.Qg5 f6 34.Qxb5 Na3 35.Qxb4 axb4 36.Nxd8 Bxe4
37.Rb2  1-0

[Event "Donner mem op"]
[Site "Amsterdam"]
[Date "1995.??.??"]
[Round "2"]
[White "Mikhalevski, Victor"]
[Black "Spreeuw, Jaap"]
[Result "1/2-1/2"]
[WhiteElo "2495"]
[BlackElo "2295"]

1.d4 Nf6 2.c4 c6 3.Nf3 d5 4.Nc3 dxc4 5.a4 Bf5 6.Ne5 Nbd7 7.Nxc4 Qc7 8.g3 e5
9.dxe5 Nxe5 10.Bf4 Rd8 11.Qc1 Bd6 12.Nxd6+ Qxd6 13.Bg2 a5 14.O-O O-O 15.Qe3 Nfd7
16.Rad1 Qe6 17.Qa7 Bc2 18.Rd2 Qb3 19.Rc1 Bf5 20.Bxe5 Nxe5 21.Rxd8 Rxd8 22.Qxa5 Re8
23.Rd1 h6 24.Rd8 Rxd8 25.Qxd8+ Kh7 26.Qc7 f6 27.Be4 Bxe4 28.Nxe4 Qd1+ 29.Kg2 Qxe2
30.Nxf6+ Kg6 31.Ne8 Qe4+ 32.Kf1 Qd3+ 33.Kg2 Qe4+ 34.Kf1 Qd3+ 35.Kg2 Qd5+
36.Kf1  1/2-1/2

[Event "Donner mem op"]
[Site "Amsterdam"]
[Date "1995.??.??"]
[Round "6"]
[White "De Boer, Gert Jan"]
[Black "Komarov, Dimitri"]
[Result "1-0"]
[WhiteElo "2425"]
[BlackElo "2575"]

1.d4 d5 2.c4 c6 3.Nf3 Nf6 4.Nc3 dxc4 5.a4 Bf5 6.e3 e6 7.Bxc4 Bb4 8.O-O Nbd7
9.Qe2 Bg4 10.Rd1 Qa5 11.e4 Qh5 12.e5 Bxf3 13.gxf3 Nd5 14.Ne4 O-O 15.Ng3 Qh4
16.Qe4 Qe7 17.Bd3 f5 18.exf6 N7xf6 19.Qh4 Qf7 20.Kh1 Ne7 21.Rg1 Ng6 22.Bxg6 hxg6
23.Rg2 Nh7 24.f4 Bd6 25.Ne2 Qf5 26.Be3 Rf6 27.Rag1 Raf8 28.Rg4 Qe4+ 29.R1g2 Qb1+
30.Ng1 R8f7 31.R2g3 Qe4+ 32.Nf3 g5 33.fxg5 Bxg3 34.Rxe4 Bxh4 35.gxf6 Bxf6
36.Rxe6 Re7 37.Rd6 Nf8 38.Bg5 Bxg5 39.Nxg5 Re2 40.Kg2 Rxb2 41.Rd8 Re2 42.Ra8 a6
43.a5 g6 44.Rb8 Re7 45.f3 Kg7 46.Kf2 Kh6 47.h4 Kg7 48.Kg2 Nh7 49.Ne4 Nf6
50.Nc5 Nd5 51.Rxb7 Rxb7 52.Nxb7 Kf6 53.Kf2 Kf5 54.Nc5 Nc7 55.Kg3 Nb5 56.Nxa6 Nxd4
57.Nb4 c5 58.a6 Nb5 59.Nd3 c4 60.Nb2 c3 61.Nd1 g5 62.h5 g4  1-0

[Event "Antwerp op"]
[Site "Antwerp"]
[Date "1995.??.??"]
[Round "6"]
[White "Akesson, Ralf"]
[Black "Formanek, Edward W"]
[Result "1/2-1/2"]
[WhiteElo "2465"]
[BlackElo "2350"]

1.d4 d5 2.c4 c6 3.Nf3 Nf6 4.Nc3 dxc4 5.a4 Bf5 6.Ne5 e6 7.Nxc4 c5 8.dxc5 Qxd1+
9.Kxd1 Bxc5 10.Be3 Bxe3 11.Nxe3 Nc6 12.Nxf5 O-O-O+ 13.Ke1 exf5 14.g3 Nb4
15.Rc1 Kb8 16.e3 Nd7 17.Ke2 Nc5 18.Bg2 Ncd3 19.Rb1 Rhe8 20.Rhd1 f4 21.Nd5 fxe3
22.Nxe3 Nc5 23.b3 Rxd1 24.Rxd1 a5 25.Kf1 Kc7 26.Rc1 b6 27.Nf5 g6 28.Nd4 Nd3
29.Rd1 Rd8 30.Nb5+ Kb8 31.Rb1 f5 32.Nc3 Nb4 33.Re1 Nxb3 34.Re7 Rd3 35.Nb5 Rd1+
36.Ke2 Rd2+ 37.Kf1 Rd1+ 38.Ke2 Rd2+ 39.Kf1  1/2-1/2

[Event "Azov"]
[Site "Azov"]
[Date "1995.??.??"]
[Round "11"]
[White "Guliev, Sarhan"]
[Black "Khlian, E."]
[Result "1-0"]
[WhiteElo "2470"]
[BlackElo "2455"]

1.d4 d5 2.c4 c6 3.Nf3 Nf6 4.Nc3 dxc4 5.a4 Bf5 6.e3 e6 7.Bxc4 Bb4 8.O-O Nbd7
9.Qe2 Bg6 10.e4 Bxc3 11.bxc3 Nxe4 12.Ba3 Qc7 13.Rfc1 O-O-O 14.a5 Rhe8 15.a6 b6
16.Bd3 Nd6 17.Bxg6 hxg6 18.c4 c5 19.dxc5 Nxc5 20.Nd4 Rh8 21.h3 Rh5 22.Qf3 Rd7
23.g4 Rh8 24.Bxc5 bxc5 25.Rab1 Kd8 26.Nc6+ Ke8 27.Rb8+ Nc8 28.Rb7 Qd6 29.Rxd7 Qxd7
30.Rd1 Nd6 31.Ne5 Qc7 32.Qa8+  1-0

[Event "Baku Cup"]
[Site "Baku"]
[Date "1995.??.??"]
[Round "?"]
[White "Mochalov, Evgeny V"]
[Black "Joussifov, Nariman"]
[Result "1-0"]
[WhiteElo "2455"]
[BlackElo "2270"]

1.d4 d5 2.c4 c6 3.Nf3 Nf6 4.Nc3 dxc4 5.a4 Bf5 6.Ne5 e6 7.f3 Bb4 8.Nxc4 Nbd7
9.e4 Bg6 10.Be3 O-O 11.Be2 c5 12.O-O cxd4 13.Bxd4 Qe7 14.Qb3 a5 15.Nb5 Nc5
16.Qe3 Nfd7 17.Kh1 e5 18.Bc3 Na6 19.Nxa5 Bxa5 20.Bxa5 Nb4 21.Bxb4 Qxb4 22.b3 f6
23.Rfd1 Rfd8 24.Nc7  1-0

[Event "Balatonbereny-B"]
[Site "Balatonbereny"]
[Date "1995.??.??"]
[Round "9"]
[White "Thallinger, Harald"]
[Black "Grund, Holger"]
[Result "0-1"]
[WhiteElo "2280"]
[BlackElo "2335"]

1.d4 d5 2.c4 dxc4 3.Nf3 Nf6 4.Nc3 c6 5.a4 Bf5 6.Ne5 e6 7.e3 Nbd7 8.Nxc4 Bb4
9.Qb3 Qe7 10.Be2 c5 11.O-O O-O 12.Na2 a5 13.Nxb4 cxb4 14.f3 e5 15.e4 exd4
16.Qd1 Be6 17.Qxd4 Nc5 18.Qe3 Nxa4 19.Nb6 Nxb6 20.Qxb6 Nd7 21.Qf2 Nc5 22.Be3 Nb3
23.Rab1 Rfc8 24.Bd1 Nc5 25.b3 b6 26.Bc2 Rc6 27.Bd4 Rac8 28.f4 f6 29.f5 Bf7
30.Rbe1 Nd7 31.Re2 Qd6 32.Rd1 Bh5 33.Bxb6 Qe7 34.Rxd7 Qxd7 35.Rd2 Rd6 36.Rxd6 Qxd6
37.Bxa5 Qc5  0-1

[Event "Regionalliga SO9596"]
[Site "Bayern"]
[Date "1995.??.??"]
[Round "?"]
[White "Knechtel, Roland"]
[Black "Doerfler, Guenther"]
[Result "0-1"]
[WhiteElo "2090"]
[BlackElo "2030"]

1.d4 Nf6 2.c4 c6 3.Nc3 d5 4.Nf3 dxc4 5.a4 Bf5 6.e3 e6 7.Bxc4 Bb4 8.O-O O-O
9.Qb3 Qe7 10.Nh4 Bg4 11.f3 Bh5 12.g4 Bg6 13.e4 c5 14.Na2 Ba5 15.Qb5 Nc6 16.Qxc5 Bb6
17.Qxe7 Bxd4+ 18.Kg2 Nxe7 19.Nb4 Rac8 20.Bb3 Nc6 21.Nc2 Bb6 22.Na3 Na5 23.Ba2 Bd4
24.Rb1 Bb6 25.Rd1 Nc6 26.Bf4 Rfd8 27.Kg3 Nd4 28.Rd2 Bxe4 29.fxe4 Nxe4+ 30.Kg2 g5
31.Bxg5 Nxg5 32.Nc4 Bc7 33.Rbd1 Nc6 34.h3 Rxd2+ 35.Rxd2 Rd8 36.Nf3 Nxf3 37.Rxd8+ Bxd8
38.Kxf3 Bc7 39.Bb1 h6 40.Ke3 Kg7 41.Nd2 Be5 42.b3 Kf6 43.Ne4+ Ke7 44.Kd3 Nb4+
45.Kc4 Nd5 46.Nc5 b6 47.Nd3 Kd6 48.Nf2 f5 49.gxf5 exf5 50.Nd1 f4 51.Be4 Nc7
52.Nf2 Bf6 53.Bf3 a6 54.b4 Be7 55.b5 a5 56.Nd3 Bg5 57.h4 Bxh4 58.Nxf4 Bf2
59.Kc3 Be3 60.Nd3 Ne6 61.Kc4 Ng7 62.Nb2 h5 63.Kd3 Bg1 64.Ke4 Kc5 65.Nd3+ Kc4
66.Nf4 Kb4 67.Bd1 h4 68.Kf3 Nf5 69.Nd5+ Ka3 70.Kg4 Nd6 71.Kxh4 Nc4 72.Kg4 Nb2
73.Bc2 Nxa4 74.Kf3 Nb2 75.Ke2 Nc4 76.Nc3 Kb2 77.Kd3 Ne5+ 78.Kd2 Be3+ 79.Kxe3 Kxc3
80.Bd1 Nc4+ 81.Ke4 Kb4 82.Kd4 Na3 83.Kd5 Nxb5 84.Kc6 Nc3 85.Bc2 b5  0-1

[Event "DLM"]
[Site "Binz"]
[Date "1995.??.??"]
[Round "5"]
[White "Gerstenhauer, Doreen"]
[Black "Hetey, Laszlo"]
[Result "0-1"]
[WhiteElo "2130"]
[BlackElo "2290"]

1.d4 d5 2.Nf3 Nf6 3.c4 c6 4.Nc3 dxc4 5.a4 Bf5 6.e3 e6 7.a5 Bd6 8.Bxc4 O-O
9.O-O Nbd7 10.Re1 Ne4 11.Qb3 Qc7 12.h3 Rad8 13.Nxe4 Bxe4 14.Ng5 Bd5 15.Qc2 g6
16.Bd3 c5 17.Be4 Nf6 18.Rd1 cxd4 19.Qxc7 Bxc7 20.Bxd5 Rxd5 21.exd4 Bxa5 22.Nf3 Rc8
23.Bh6 Ne8 24.Rac1 Rxc1 25.Rxc1 f6 26.Rc8 Rd8 27.Rxd8 Bxd8 28.Be3 Bb6 29.g4 g5
30.Kf1 Nd6 31.b3 Kf7 32.Ke2 Kg6 33.Kd3 h5 34.Bd2 Nb5 35.Ke4 Nc7 36.Bc1 Nd5
37.Bd2 Bc7 38.Be3 Bd6 39.Bd2 Bc7 40.Be3 Nb4 41.Bd2 f5+ 42.gxf5+ exf5+ 43.Ke3 Bf4+
44.Ke2 Bxd2 45.Kxd2 g4 46.Ne5+ Kg5  0-1

[Event "Bled op"]
[Site "Bled"]
[Date "1995.??.??"]
[Round "5"]
[White "Soffer, Ram"]
[Black "Mencinger, Vojko"]
[Result "1-0"]
[WhiteElo "2535"]
[BlackElo "2385"]

1.d4 d5 2.c4 c6 3.Nf3 Nf6 4.Nc3 dxc4 5.a4 Bf5 6.Ne5 Nbd7 7.Nxc4 Qc7 8.g3 e5
9.dxe5 Nxe5 10.Bf4 Nfd7 11.Bg2 Be7 12.O-O O-O 13.Qc1 f6 14.Nxe5 Nxe5 15.Nd5 Qd6
16.Nxe7+ Qxe7 17.Qc3 a5 18.Be3 Rfe8 19.Bc5 Qf7 20.e4 Be6 21.f4 Nd7 22.Bf2 f5
23.e5 Ra6 24.b4 axb4 25.Qxb4 Nf8 26.Rfb1 Re7 27.Bc5 Rd7 28.Bd6 Ng6 29.Bf1 Ra8
30.a5 Bd5 31.Rd1 Ne7 32.a6 bxa6 33.Rxa6 Rxa6 34.Bxa6 Qh5 35.Rf1 Qh3 36.Rf2 Kf7
37.Bc4 Ra7 38.Qc3 Ke6 39.Bf1 Qh5 40.Qc5 Rb7 41.Bxe7 Rxe7 42.Qd6+ Kf7 43.Be2 Qg6
44.Qxg6+ Kxg6 45.Bf3 Bxf3 46.Rxf3 Kh5 47.Rc3 g5 48.h3 gxf4 49.gxf4 Kh4 50.Kf2 Ra7
51.Re3 Ra2+ 52.Kf3 Ra7 53.Ke2 Ra2+ 54.Kf3 Ra7 55.e6 Re7 56.Ke2 Kh5 57.Kd3 Kg6
58.Kd4 Kf6 59.Kc5 Rxe6 60.Rxe6+ Kxe6 61.Kxc6 Ke7 62.Kd5 Kf7 63.Kd6 Kf6 64.h4 Kf7
65.Ke5 Ke7 66.Kxf5 Kf7 67.Ke5 Ke7 68.h5 Kf7 69.Kd6 Kf6 70.h6 Kf7 71.Kd7 Kf8
72.Ke6 Ke8 73.Kf6 Kf8 74.f5  1-0

[Event "Bled op"]
[Site "Bled"]
[Date "1995.??.??"]
[Round "7"]
[White "Cebalo, Miso"]
[Black "Schmidt, Peter"]
[Result "1/2-1/2"]
[WhiteElo "2570"]
[BlackElo "2385"]

1.d4 d5 2.c4 c6 3.Nf3 Nf6 4.Nc3 dxc4 5.a4 Bf5 6.Ne5 Nbd7 7.Nxc4 Nb6 8.Ne5 e6
9.Bg5 Bb4 10.Rc1 Nxa4 11.Nxc6 Nxc3 12.bxc3 Bxc3+ 13.Rxc3 bxc6 14.f3 h6 15.Bc1 O-O
16.e4 Bxe4 17.fxe4 Nxe4 18.Re3 Qa5+ 19.Bd2 Nxd2 20.Qxd2 Qa1+ 21.Qd1 Qxd1+
22.Kxd1 Rfd8 23.Rd3 Rab8 24.Kc2 Rb4 25.Be2 Rbxd4 26.Rxd4 Rxd4 27.Ra1 Rd7
28.Ra6 Rc7 29.Kc3 Kf8 30.Kc4 c5 31.Bf3 Ke7 32.h4 g6 33.h5 gxh5 34.Bxh5 Kf6
35.Bf3 Ke5 36.Bc6 Kd6 37.Bb7+ Ke5 38.Bf3 Kf4 39.Bc6 f5 40.Kxc5 e5 41.g3+ Kxg3
42.Kd6 Rxc6+ 43.Rxc6 e4 44.Ke5 e3 45.Rc3 Kf2 46.Kf4 e2 47.Rf3+ Kg2 48.Re3 Kf2  1/2-1/2

[Event "BRA-ch"]
[Site "?"]
[Date "1995.??.??"]
[Round "9"]
[White "Agdamus, Jose Luis"]
[Black "Loureiro, Luiz"]
[Result "0-1"]
[WhiteElo "2280"]
[BlackElo "2375"]

1.d4 d5 2.c4 c6 3.Nf3 Nf6 4.Nc3 dxc4 5.a4 Bf5 6.e3 e6 7.Bxc4 Bb4 8.O-O O-O
9.Qe2 Nbd7 10.e4 Bg6 11.Bd3 Re8 12.Ne5 Nxe5 13.dxe5 Ng4 14.Bf4 Qd4 15.Na2 Bf8
16.Rfd1 Nxe5 17.Ba6 Qxe4 18.Qxe4 Bxe4 19.Bxb7 Rab8 20.Ba6 Rb6 21.Bf1 Ng6
22.Be3 Rb7 23.Nc3 Bf5 24.a5 Ra8 25.a6 Rc7 26.Na4 Be4 27.Nc5 Bd5 28.Rdc1 Bd6
29.b4 Ne5 30.f3 h6 31.Rab1 Rcc8 32.h3 Ng6 33.Nb7 Bf4 34.Bxf4 Nxf4 35.Rc5 e5
36.Rbc1 Ne6 37.R5c3 Rcb8 38.Bc4 Bxc4 39.Rxc4 Nd4 40.Kf2 g5 41.Na5 Kg7 42.Nxc6 Nxc6
43.Rxc6 Rxb4 44.g4 Rd8 45.Ke3 Ra4 46.R1c5 Rd1 47.Ke2 Rda1 48.Rxe5 Rxa6 49.Rc7 R1a2+
50.Kd3 Rf6 51.Re3 a6 52.Ra7 Rf2 53.Ke4 Rh2 54.Ra3 Rxh3 55.R7xa6 Rf4+  0-1

[Event "Spring op"]
[Site "Budapest"]
[Date "1995.??.??"]
[Round "?"]
[White "Szobi, Geza Jr"]
[Black "Kues, Hendrik"]
[Result "1/2-1/2"]
[WhiteElo "2060"]
[BlackElo "2275"]

1.d4 d5 2.c4 c6 3.Nf3 Nf6 4.Nc3 dxc4 5.a4 Bf5 6.Bf4 e6 7.e3 Nd5 8.Bxb8 Rxb8
9.Bxc4 Qa5 10.Rc1 Qb4 11.Qb3 Nb6 12.Qxb4 Bxb4 13.Bb3 Bd3 14.Ne5 Ba6 15.f4 f6
16.Nf3 Nc4 17.Bxc4 Bxc4 18.Kf2 Kf7 19.Ne4 Bb3 20.Ra1 Bc2 21.Ned2 h6 22.Rhc1 Bd3
23.Nc4 Bh7 24.a5 g5 25.fxg5 hxg5 26.h3 Rbc8 27.Ra4 Be7 28.Ncd2 Bd3 29.Nc4 Bf5
30.Ncd2 g4 31.hxg4 Bxg4 32.Rac4 a6 33.Ne4 Rc7  1/2-1/2